000 00522nam a2200193Ia 4500
005 20251118112220.0
008 230125s9999 xx 000 0 und d
041 _aeng
082 _a158.1
_bSEN CHA
100 _aStaples W
_9214971
245 _aIn search of your true self
260 _c1996
_bMagna books pub co.
_aNew Delhi
300 _a379p
500 _aPersonality development
500 _aPersonality Development,
650 _aPersonality Development
_9213420
700 _aStaples W
_9214971
942 _cBK
999 _c86982
_d86982